000 01094nam a22002897a 4500
001 9593
003 FISKH
005 20260126083625.0
008 260126b cb ||||| |||| 00| 0 eng d
020 _a9780141324906
040 _aFISKH
_beng
_cFISKH
_dFISKH
050 _a PZ7 .K6232 .D
082 _a813.6
100 _aKinney , Jeff
245 _aDiary of a Wimpy Kid :
_ba novel in cartoons /
_cGreg Heffley's Journal by Jeff Kinney
260 _aLondon :
_bPuffin Books ,
_c2007 .
300 _a217 pages :
_bIllustrations ;
_c20 cm .
490 _aDiary of a Wimpy Kid
_v(1)
505 _aZ
520 _aGreg records his sixth grade experiences in a middle school where he and his best friend, Rowley, undersized weaklings amid boys who need to shave twice daily, hope just to survive, but when Rowley grows more popular, Greg must take drastic measures to save their friendship.
521 8 _a950
_bLexile
521 8 _aZ
_bRaz-Plus
650 _aFriendship
_vFiction
700 _aBeckerman , Chad W
_eCover Desinger
942 _2ddc
_cBK
_n0
999 _c9593
_d9593